| 000 | 00691nam a22001817a 4500 | ||
|---|---|---|---|
| 008 | 230704b |||||||| |||| 00| 0 eng d | ||
| 020 | _a81-7648-054-1 | ||
| 040 |
_aNational Science Library _cNational Science Library |
||
| 080 |
_a504.4 _bP0 |
||
| 100 | _aTiwari, R P | ||
| 245 |
_aजल संसाधन एवं पर्यावरण नियंत्रण: _bWater resources and environmental management |
||
| 246 |
_aJal sansaadhan evam paryaavaran nirantrad: _bWater resources and environmental management |
||
| 260 |
_aNew Delhi: _bA. P. H. Publishing House, _c2000 |
||
| 300 | _a363p. | ||
| 650 | _aEnvironmental science | ||
| 653 | _aPollution | ||
| 942 |
_2udc _cBK |
||
| 999 |
_c48966 _d48966 |
||